Energy and aerospace : proceedings, an Anglo-American conference organised by the Royal Aeronautical Society and the American Institute of Aeronautics & Astronautics, held at the Royal Aeronautical Society, 4 Hamilton Place, London 5-7 December 1978.

Bibliographic Details
Corporate Authors: Joint RAeS/AIAA Conference on Energy and Aerospace London, Royal Aeronautical Society, American Institute of Aeronautics and Astronautics
Format: Conference Proceeding Book
Language:English
Published: [London] : Royal Aeronautical Society, [1979?]
Subjects:

MARC

Tag First Indicator Second Indicator Subfields
LEADER 00000cam a2200000 i 4500
001 in00000068404
005 20151008052002.0
008 800214s1979 enka b 10000 eng
010 |a  80450711  
015 |a GB*** 
035 |a (OCoLC)06089372 
035 |9 AAH1079AM 
040 |a DLC  |c DLC  |d TXA  |d UtOrBLW 
049 |a TXAM  |c [1405562] 
050 0 0 |a TJ163.15  |b .J64 1978 
082 0 |a 621.042 
111 2 |a Joint RAeS/AIAA Conference on Energy and Aerospace  |d (1978 :  |c London) 
245 1 0 |a Energy and aerospace :  |b proceedings, an Anglo-American conference organised by the Royal Aeronautical Society and the American Institute of Aeronautics & Astronautics, held at the Royal Aeronautical Society, 4 Hamilton Place, London 5-7 December 1978. 
264 1 |a [London] :  |b Royal Aeronautical Society,  |c [1979?] 
300 |a 290 pages in various pagings :  |b illustrations ;  |c 30 cm. 
336 |a text  |b txt  |2 rdacontent 
337 |a unmediated  |b n  |2 rdamedia 
338 |a volume  |b nc  |2 rdacarrier 
504 |a Includes bibliographies. 
650 0 |a Power resources  |v Congresses. 
650 0 |a Power (Mechanics)  |v Congresses. 
650 0 |a Space sciences  |v Congresses. 
650 0 |a Aeronautics  |v Congresses. 
710 2 |a Royal Aeronautical Society. 
710 2 |a American Institute of Aeronautics and Astronautics. 
999 |a MARS 
999 f f |s 8e22bf23-91e8-360b-9325-5176ed707261  |i d8db8be7-a649-362a-b15e-1a06e27355b0  |t 0 
952 f f |p ric  |a Texas A&M University  |b Rellis Campus  |c Joint Library Facility  |d Remote Storage  |t 0  |e TJ163.15 .J64 1978  |h Library of Congress classification  |i unmediated -- volume  |m A14805422864 
998 f f |a TJ163.15 .J64 1978  |t 0  |l Remote Storage